Teória družstevníctva

Gespeichert in:
Bibliographische Detailangaben
1. Verfasser: Štefanovič, Milan
Format: Buch
Sprache:Slowakisch
Veröffentlicht: Bratislava Vydavateľstvo SAV 1969
Tags: Tag hinzufügen
Keine Tags, Fügen Sie das erste Tag hinzu!

MARC

LEADER 00000nam a2200000 4500
001 c111656
005 20070330154619.9
041 0 |a slo 
044 |a SK 
245 1 0 |a Teória družstevníctva  |c Milan Štefanovič 
264 1 |a Bratislava  |b Vydavateľstvo SAV  |c 1969 
300 |a 429 s. 
100 1 |a Štefanovič, Milan